000 00544pab a2200181 454500
008 180718b1992 xxu||||| |||| 00| 0 eng d
100 _aDlamini, Musa P.
245 _aAdministrative reform and civil service in Swaziland: Gap between promise and performance
260 _c1992
300 _ap.169-186.
362 _aApr-Jun
650 _aAdministrative reform - Swaziland
650 _aCivil service - Swaziland
650 _aAdministrative reform
773 _aIndian Journal of Public Administration
908 _aN
909 _a89059
999 _c89059
_d89059